| 000 | 00511nam a2200193Ia 4500 | ||
|---|---|---|---|
| 005 | 20250423100449.0 | ||
| 008 | 250422s9999 xx 000 0 und d | ||
| 020 | _a9781259251290 | ||
| 050 | _aRB 145 .A88/ | ||
| 100 | _aAster, Jon C. | ||
| 245 | 0 | _aPathophysiology of blood disorders | |
| 250 | _a2nd ed. | ||
| 260 | _aNew York | ||
| 260 | _bMcGraw-Hill Education | ||
| 260 | _c2017 | ||
| 300 | _a354 p | ||
| 650 | _a Blood--Pathophysiology. Blood--Diseases--Pathophysiology. | ||
| 942 | _cBK | ||
| 999 |
_c33383 _d33383 |
||